000 00262nam a2200109Ia 4500
008 220204s9999 xx 000 0 und d
082 _a546
_bHUH
100 _aHuhey, J E
245 0 _aInorganic chemistry
260 _aNew york
_bHarper and Row
_c1972
942 _cBK
999 _c23653
_d23653